Statistics for General Knowledge Quiz #5

Click here to take the quiz!

General Stats

  • This quiz has been taken 148,596 times
    (77,934 since last reset)
  • The average score is 10 of 20

Answer Stats

QuestionAnswer% Correct
Throughout most of the Harry Potter books, who was the headmaster at Hogwarts?Albus Dumbledore
87%
What city hosted the first Modern Olympics in 1896?Athens
83%
What does a mixologist make?Cocktails
72%
What international song contest was won by ABBA and Celine Dion?Eurovision
72%
If you are born on August 1st, what is your sign?Leo
72%
Not including external territories, what is the world's southernmost country?Chile
71%
In the original Super Mario Brothers, who is Mario's enemy?Bowser
70%
What was Mumbai formerly called?Bombay
56%
What's another name for D sharp?E Flat
50%
What major city has initials HCMC?Ho Chi Minh City
50%
In what sport was Nadia Comăneci "perfect"?Gymnastics
48%
Many cities in Germany have a U-Bahn. What is a U-Bahn?a Subway
46%
Who wrote "Les Misérables"?Victor Hugo
43%
What landmark is also known as Ayers Rock?Uluru
41%
Which province lies on British Columbia's eastern border?Alberta
35%
If something is "prêt-à-porter" then what can you do with it right away?{Wear} It
32%
What are the two "observer states" of the UN that are not full members?Palestine
31%
Besides the sun, which star appears brightest from Earth?Sirius
26%
What are the two "observer states" of the UN that are not full members?Vatican City
24%
What world leader was born as Jorge Mario Bergoglio in 1936 in Buenos Aires?Pope Francis
23%

Score Distribution

Percentile by Number Answered

Percent of People with Each Score

Your Score History

You have not taken this quiz since the last reset